000
00255nam a2200097Ia 4500
008
120527s9999 xx 000 0 und d
100
_a
LOVEJOY, P.E
245
_a
Caravans of kola: the hausa kola Trade 1700-1900
260
_b
Ahmadu Bello Uni.
942
_c
BK
999
_c
25518
_d
25518